Legendy 60

Bibliographic Details
Main Author: Jurík, Ľuboš, 1947-2021 (Author)
Format: Article
Language:Slovak
PhysicalDescription:Fotogr.
ISSN:1335-4426
Subjects:

MARC

LEADER 00000nab a2200000 ar4500
001 vtls008989135
003 SK-MaSNL
005 20260426063411.0
008 070515c2007 xo wr|p|||||||000 b|slo
015 |a SNBRB2007/05  |2 snkbucl 
040 |a SNKBUCL  |b slo  |c SNKBUCL  |e AACR2 
041 0 |a slo 
044 |a xo  |c SK 
080 |a 784.66:061.7  |2 2001 
100 1 |a Jurík, Ľuboš,  |d 1947-2021  |4 aut  |9 98669 
245 1 0 |a Legendy 60  |c Ľuboš Jurík 
300 |b Fotogr. 
500 |a Do č. 5 vychádzalo periodikum ako Domino fórum 
611 2 7 |a Legendy 60  |d (2007 :  |c Bratislava, Slovensko)  |2 snkbucl  |9 1286052 
650 0 7 |a bigbít  |2 snkbucl  |9 101601 
650 0 7 |a koncerty  |2 snkbucl  |9 19182 
651 7 |a Bratislava (Slovensko)  |2 snkbucl  |9 14568 
773 0 |t Domino efekt  |g Roč. XVI, č. 16 (2007), s. 25  |x 1335-4426 
852 |a SNK  |b KIS3GCP 
958 |a SK 
999 |c 2555680  |d 2557610